Voces del purgatorio : (Record no. 6250)
[ view plain ]
| 000 -CABECERA | |
|---|---|
| campo de control de longitud fija | 00837nam a2200217 a 4500 |
| 001 - NÚMERO DE CONTROL | |
| campo de control | 000006457 |
| 005 - FECHA Y HORA DE LA ÚLTIMA TRANSACCIÓN | |
| campo de control | 20250224101421.0 |
| 008 - DATOS DE LONGITUD FIJA--INFORMACIÓN GENERAL | |
| campo de control de longitud fija | 090831s1981 dr abg 000 0 spa d |
| 040 ## - FUENTE DE LA CATALOGACIÓN | |
| Centro catalogador/agencia de origen | DO-SdBNP |
| Lengua de catalogación | spa |
| Centro/agencia transcriptor | BNPHU |
| 082 ## - NÚMERO DE LA CLASIFICACIÓN DECIMAL DEWEY | |
| Número de clasificación | xxxx |
| Número de documento/Ítem | D261v |
| 049 ## - FONDOS LOCALES (OCLC) | |
| Fondos de biblioteca | BNPD |
| 100 ## - ENTRADA PRINCIPAL--NOMBRE DE PERSONA | |
| Nombre de persona | Davis, Martha Ellen |
| 9 (RLIN) | 11236 |
| 245 10 - MENCIÓN DE TÍTULO | |
| Título | Voces del purgatorio : |
| Resto del título | estudio de la salve dominicana / |
| Mención de responsabilidad, etc. | Martha Ellen Davis ; presentación June C. Rosenberg. |
| 260 ## - PUBLICACIÓN, DISTRIBUCIÓN, ETC. | |
| Lugar de publicación, distribución, etc. | Santo Domingo : |
| Nombre del editor, distribuidor, etc. | Museo del Hombre Dominicano, |
| Fecha de publicación, distribución, etc. | 1981. |
| 300 ## - DESCRIPCIÓN FÍSICA | |
| Extensión | xiii, 106 p. : |
| Otras características físicas | il., map., mús. ; |
| Dimensiones | 23 cm. |
| 490 1# - MENCIÓN DE SERIE | |
| Mención de serie | Investigaciones Antropológicas |
| Designación de volumen o secuencia | v. 15 |
| 504 ## - NOTA DE BIBLIOGRAFÍA, ETC. | |
| Nota de bibliografía, etc. | Incluye referencias bibliográficas y notas al pie de las páginas |
| 504 ## - NOTA DE BIBLIOGRAFÍA, ETC. | |
| Nota de bibliografía, etc. | Incluye bibliografías (p. 103-106) |
| 700 1# - PUNTO DE ACCESO ADICIONAL--NOMBRE DE PERSONA | |
| Nombre de persona | Rosenberg, June C. |
| 9 (RLIN) | 17910 |
| 830 #0 - PUNTO DE ACCESO ADICIONAL DE SERIE-TÍTULO UNIFORME | |
| Título uniforme | Investigaciones Antropológicas |
| Número de parte o sección de la obra | no. 15 |
| 9 (RLIN) | 17911 |
| Estado de retiro | Estado de pérdida | Restricciones de uso | No para préstamo | Código de colección | Localización permanente | Ubicación/localización actual | Ubicación en estantería | Fecha de adquisición | Número de inventario | Total de préstamos | Signatura topográfica completa | Código de barras | Fecha visto por última vez | Número de copia | Precio válido a partir de | Tipo de ítem Koha | Nota pública |
|---|---|---|---|---|---|---|---|---|---|---|---|---|---|---|---|---|---|
| Dominicana de Servicio | General | General | Depósito | 31.08.2009 | LF1 | xxxx D261v | 6457-30 | 25.06.2020 | e. 3 | 25.06.2020 | Libro y Folleto Colección Dominicana de Servicio | ||||||
| Dominicana de Servicio | General | General | Depósito | 18.08.2011 | LF1 | xxxx D261v | 6457-40 | 25.06.2020 | e. 4 | 25.06.2020 | Libro y Folleto Colección Dominicana de Servicio | ||||||
| Dominicana de Servicio | General | General | Depósito | 24.08.2011 | LF1 | xxxx D261v | 6457-50 | 25.06.2020 | e. 5 | 25.06.2020 | Libro y Folleto Colección Dominicana de Servicio | ||||||
| Excluido de préstamo | Patrimonio Dominicano | Patrimonio Dominicano | Patrimonio Dominicano | Depósito | 31.08.2009 | LF1 | xxxx D261v | 6457-10 | 25.06.2020 | 25.06.2020 | Libro y Folleto Colección Patrimonio Dominicano | Perteneció a la biblioteca personal de Aída Cartagena Portalatín. | |||||
| Excluido de préstamo | Patrimonio Dominicano | Patrimonio Dominicano | Patrimonio Dominicano | Depósito | 31.08.2009 | LF1 | xxxx D261v | 6457-20 | 25.06.2020 | e. 2 | 25.06.2020 | Libro y Folleto Colección Patrimonio Dominicano | Perteneció a la biblioteca personal de Aída Cartagena Portalatín. |
